Brand Slogans (Food) - Statistics

General Stats
  • This quiz has been taken 11 times
  • The average score is 8 of 17
Answer Stats
Hint Answer % Correct
I'm Lovin' It McDonalds
90%
Finger Lickin' Good KFC
80%
Have It Your Way Burger King
70%
Taste the Rainbow Skittles
70%
Gimme a Break Kit Kat
60%
Eat Fresh Subway
60%
You're Not When Your Hungry Snickers
50%
Live Más Taco Bell
50%
Melts In Your Mouth, Not Your Hands M&Ms
40%
We Have the Meats Arby's
30%
They're GR-R-R-reat! Frosted Flakes
30%
Kid Tested, Mother Approved Kix
30%
The Breakfast of Champions Wheaties
30%
The Milk Chocolate Melts In Your Mouth Hersheys
20%
Once You Pop, You Can't Stop Pringles
20%
Two for Me, None for You Twix
20%
Betcha Can't Eat Just One Lay's
10%
No matching quizzes found
Score Distribution
Percent of People with Each Score
Percentile by Number Answered
Your Score History
You have not taken this quiz